Foreign direct investment , R&D and patent protection : a cross-country analysis /
Saved in:
| 主要作者: | |
|---|---|
| 格式: | Thesis 图书 |
| 语言: | English |
| 出版: |
2004.
|
| 主题: | |
| 在线阅读: | http://studentsrepo.um.edu.my/id/eprint/485 |
| 标签: |
添加标签
没有标签, 成为第一个标记此记录!
|
| LEADER | 01238cam a2200289 a 4500 | ||
|---|---|---|---|
| 001 | u700571 | ||
| 003 | SIRSI | ||
| 008 | 041231s2004 my a t 00 0 eng m | ||
| 040 | |a UMM |d UME | ||
| 043 | |a d------ | ||
| 090 | |a HB71 |b UM 2004 Yussy | ||
| 099 | |a HB71 |b UM 2004 Yussy | ||
| 100 | 0 | 0 | |a Yusnieza Syarmila Yusoff. |
| 245 | 1 | 0 | |a Foreign direct investment , R&D and patent protection : |b a cross-country analysis / |c Yusnieza Syarmila Yusoff. |
| 260 | |c 2004. | ||
| 300 | |a vii, [76] (A1-A21) leaves : |b ill. ; |c 30 cm. | ||
| 502 | |a Dissertation (M.Ec.) -- Fakulti Ekonomi dan Pentadbiran, Universiti Malaya, 2004. | ||
| 504 | |a Bibliography: leaves [69-76] | ||
| 650 | 0 | |a Investments, Foreign |z Developing countries |x Econometric models | |
| 650 | 0 | |a Corporations |z Developing countries. | |
| 651 | 0 | |a Developing countries |x Economic policy. | |
| 651 | 0 | |a Developing countries |x Commercial policy. | |
| 710 | 2 | 0 | |a Universiti Malaya. |b Fakulti Ekonomi dan Pentadbiran. |
| 856 | |f IARC:A511952355 |z Click Here for Abstract and Table of Contents | ||
| 856 | 4 | 1 | |u http://studentsrepo.um.edu.my/id/eprint/485 |
| 596 | |a 1 | ||
| 999 | |a HB71 UM 2004 YUSSY |w LC |c 1 |i A511705309 |d 13/11/2011 |e 1/8/2011 |f 5/5/2005 |g 1 |l STACKS |m P01UTAMA |n 4 |r Y |s Y |t TESIS |u 31/12/2004 | ||
